000 00483nam a2200193Ia 4500
005 20250603145738.0
008 250603s9999 xx 000 0 und d
020 _a8174091041
050 _aTA 710.2 .G37/
100 _aGarg, Santosh Kumar
245 0 _aSoil mechanics and foundation engineering (In S.I. Units)
250 _a9th rev. ed.
260 _aNew Delhi
260 _bKHANNA PUBLISHERS
260 _c2013
300 _a1401 p
650 _aNew Delhi
942 _cBK
999 _c42729
_d42729